000 00448nam a2200169Ia 4500
003 GCL
008 140319s9999 xx 000 0 eng d
040 _aGCL /
_cGCL
082 0 4 _a658.11
_bM H
100 1 _aMODGETTS,RICHARD
245 1 0 _aEFFECTIVE SMALL BUSINESS MANAGEMENT, 4th ed /
_cMODGETTS,RICHARD
700 1 _aLAROUSSE
260 _a[S.N] :
_bSPRINGER - VERLAG ،
_c1992
300 _a634 P
650 0 4 _aDICTIONARIES
942 _2ddc
_cBK
999 _c18814
_d18814